20 losowych flag świata - Statystyki

Ogólne statystyki
  • Ten quiz został rozwiązany 524 razy
  • Średni wynik to 11 z 20
Statystyki odpowiedzi
Obrazkowy Hint Odpowiedź % Poprawnych
Gibraltar
100%
Hiszpania
100%
Katar
100%
Litwa
100%
Niemcy
100%
Rumunia
100%
Szwajcaria
100%
Irlandia
95%
Brazylia
94%
Chiny
94%
Czechy
94%
Jamajka
94%
Japonia
94%
Wietnam
94%
Bułgaria
93%
Chile
93%
Czad
93%
Polska
93%
Portugalia
93%
Szwecja
93%
Watykan
93%
Anglia
92%
Holandia
92%
Walia
92%
Gruzja
90%
Sri Lanka
90%
Algieria
89%
Iran
89%
Kanada
89%
Republika Południowej Afryki
89%
Ukraina
89%
Włochy
89%
Arabia Saudyjska
88%
Francja
88%
Kamerun
88%
Łotwa
88%
Słowacja
88%
Meksyk
87%
Rosja
87%
Stany Zjednoczone
87%
Cypr
86%
Egipt
86%
Maroko
86%
Białoruś
85%
Finlandia
85%
Wielka Brytania
85%
Kosowo
84%
Luksemburg
84%
Turcja
84%
Argentyna
83%
Austria
83%
Chorwacja
83%
Estonia
83%
Indie
83%
Słowenia
83%
Szkocja
83%
Izrael
82%
Jordania
82%
Macedonia Północna
82%
Nepal
82%
Albania
81%
Filipiny
81%
Kolumbia
81%
Tajlandia
81%
Norwegia
80%
San Marino
80%
Węgry
80%
Andora
79%
Serbia
79%
Wybrzeże Kości Słoniowej
79%
Barbados
78%
Bośnia i Hercegowina
78%
Korea Południowa
78%
Liberia
78%
Nauru
78%
Tunezja
78%
Kazachstan
77%
Australia
76%
Dominikana
76%
Wenezuela
76%
Armenia
75%
Dania
75%
Pakistan
75%
Islandia
74%
Peru
74%
Czarnogóra
73%
Kuba
73%
Paragwaj
73%
Gwatemala
72%
Indonezja
72%
Kenia
72%
Belgia
71%
Irak
71%
Malta
71%
Panama
71%
Singapur
71%
Mołdawia
70%
Antigua i Barbuda
69%
Korea Północna
69%
Palestyna
69%
Tajwan
69%
Ekwador
68%
Laos
68%
Liban
68%
Nowa Zelandia
67%
Urugwaj
67%
Seszele
65%
Grecja
64%
Kirgistan
64%
Malediwy
64%
Monako
64%
Mongolia
64%
Niger
64%
Somalia
64%
Uzbekistan
64%
Palau
63%
Azerbejdżan
62%
Dominika
62%
Oman
61%
Rwanda
61%
Kostaryka
60%
Liechtenstein
60%
Kambodża
59%
Burkina Faso
58%
Etiopia
58%
Ghana
58%
Zjednoczone Emiraty Arabskie
58%
Nigeria
57%
Wyspy Owcze
57%
Mali
56%
Papua Nowa Gwinea
56%
Togo
56%
Madagaskar
55%
Senegal
55%
Bahrajn
54%
Gwinea Bissau
54%
Bhutan
53%
Hongkong
53%
Malawi
53%
Mikronezja
53%
Kiribati
52%
Libia
52%
Demokratyczna Republika Konga
50%
Erytrea
50%
Grenlandia
50%
Honduras
50%
Kuwejt
50%
Mozambik
50%
Sudan
50%
Trynidad i Tobago
50%
Uganda
50%
Wyspa Man
50%
Zambia
50%
Afganistan
48%
Eswatini
48%
Bangladesz
47%
Boliwia
47%
Malezja
47%
Nikaragua
47%
Tanzania
47%
Haiti
45%
Jemen
45%
Salwador
45%
Antarktyka
44%
Gabon
44%
Guam
44%
Komory
44%
Samoa
44%
Angola
43%
Benin
43%
Botswana
43%
Portoryko
43%
Burundi
42%
Saint Lucia
42%
Surinam
42%
Tadżykistan
42%
Mauretania
41%
Mjanma
41%
Bahamy
40%
Gwinea
40%
Namibia
40%
Vanuatu
40%
Curaçao
39%
Gujana
39%
Republika Środkowoafrykańska
38%
Saint Vincent i Grenadyny
38%
Tonga
38%
Turkmenistan
38%
Wyspy Marshalla
38%
Zimbabwe
38%
Gambia
37%
Brunei
36%
Syria
36%
Gwinea Równikowa
35%
Dżibuti
33%
Johnston
33%
Sierra Leone
33%
Makau
31%
Mauritius
31%
Saint Kitts i Nevis
31%
Sudan Południowy
31%
Wake
31%
Wyspy Świętego Tomasza i Książęca
31%
Lesotho
30%
Kongo
29%
Wyspy Cooka
29%
Anguilla
28%
Fidżi
28%
Jersey
28%
Belize
27%
Grenada
27%
Nowa Kaledonia
27%
Tuvalu
25%
Wyspy Salomona
25%
Wyspy Alandzkie
24%
Pitcairn
22%
Reunion
22%
Wyspy Kokosowe
22%
Holandia Karaibska
20%
Martynika
18%
Timor Wschodni
18%
Mariany Północne
17%
Republika Zielonego Przylądka
17%
Samoa Amerykańskie
17%
Wyspy Dziewicze Stanów Zjednoczonych
17%
Brytyjskie Wyspy Dziewicze
15%
Irlandia Północna
15%
Polinezja Francuska
14%
Sint Maarten
14%
Gujana Francuska
13%
Wyspa Bożego Narodzenia
13%
Saint Pierre i Miquelon
12%
Aruba
11%
Guernsey
11%
Wallis i Futuna
11%
Wyspa Clippertona
11%
Wyspa Norfolk
11%
Wyspa Wniebowstąpienia
11%
Kajmany
9%
Saba
9%
To nie Francja Saint Martin
9%
Falklandy
8%
Tokelau
8%
Brytyjskie Terytorium Oceanu Indyjskiego
7%
Gwadelupa
7%
Niue
7%
Sahara Zachodnia
7%
Wyspa Świętej Heleny
7%
Brytyjskie Terytorium Antarktyczne
6%
Georgia Południowa i Sandwich Południowy
6%
Majotta
6%
Saint-Barthélemy
6%
To nie Norwegia Wyspa Bouveta
6%
Turks i Caicos
5%
Akrotiri
0%
Bermudy
0%
To nie USA Dalekie Wyspy Mniejsze Stanów Zjednoczonych
0%
Dhekelia
0%
Francuskie Terytoria Południowe i Antarktyczne
0%
Howland, Jarvis i Baker
0%
Kingman
0%
Midway
0%
Montserrat
0%
Navassa
0%
Palmyra
0%
Sint Eustatius
0%
To nie Norwegia Svalbard i Jan Mayen
0%
Tristan da Cunha
0%
To nie Australia Wyspy Heard i McDonalda
0%
Nie znaleziono quizów pasujących do podanych kryteriów
Rozkład punktacji
Procent ludzi z każdym wynikiem
Percentyl według liczby udzielonych odpowiedzi
Twoja historia wyników
Nie rozwiązałeś tego quizu